000
00309nam a22001217a 4500
008
160511b xxu||||| |||| 00| 0 eng d
020
_a
9780073538778
020
_a
0073538779
041
_a
eng
080
_a
316.77
245
_a
Presentational speaking: theory and practice:
_c
Melanie Morgan;
942
_2
udc
_c
BK
999
_c
2018
_d
2018